[Event "SVK-ch U18/20"]
[Site "Liptovsky Mikulas"]
[Date "2018.04.24"]
[Round "5"]
[White "Ladnak, Marek"]
[Black "Mikula, Andrej"]
[Result "1-0"]
[WhiteElo "1868"]
[BlackElo "1228"]
[PlyCount "63"]
[EventDate "2018.04.21"]
[EventType "swiss"]
[EventRounds "9"]
[EventCountry "SVK"]
[SourceTitle "CBM 184 Extra"]
[Source "ChessBase"]
[SourceDate "2018.06.28"]
[SourceVersion "1"]
[SourceVersionDate "2018.06.28"]
[SourceQuality "1"]

1. e4 e5 2. Nf3 Nc6 3. d4 exd4 4. Bc4 Be7 5. 0-0 d6 6. Nxd4 Ne5 7. Be2 c5 8. Nf3 Bg4 9. Nxe5 Bxe2 10. Qxe2 dxe5 11. Rd1 Qb6 12. Nc3 Nf6 13. Bg5 0-0 14. Bxf6 Qxf6 15. Nd5 Qg5 16. Rd3 f5 17. Rg3 Qh4 18. Rh3 Qg5 19. Rh5 Qg4 20. Nxe7+ Kh8 21. Qxg4 fxg4 22. Ng6+ Kg8 23. Nxf8 Rxf8 24. Rxe5 b6 25. Rd1 Rc8 26. Rd7 h5 27. Ree7 g6 28. Rg7+ Kh8 29. Rh7+ Kg8 30. Rdg7+ Kf8 31. Rh8+ Kxg7 32. Rxc8 1-0